Vainqueurs des courses de FIA WEC - Statistiques

Statistiques générales
  • Ce quiz a été pris 43 fois
  • Le résultat moyen est 23 sur 57
Statistiques - réponses
Pilote % Correct
Robert Kubica
85%
Kévin Estre
82%
Antonio Giovinazzi
79%
Sébastien Buemi
76%
Kamui Kobayashi
73%
Alessandro Pier Guidi
67%
Fernando Alonso
67%
Yifei Ye
67%
Antonio Fuoco
64%
Loïc Duval
64%
Nyck De Vries
61%
Brendon Hartley
58%
Laurens Vanthoor
58%
Paul-Loup Chatin
58%
Charles Milesi
55%
André Lotterer
52%
Nicklas Nielsen
52%
Tom Kristensen
52%
Miguel Molina
48%
James Calado
45%
Nico Hülkenberg
45%
Phil Hanson
45%
Ryō Hirakawa
45%
Earl Bamber
42%
Mike Conway
42%
Romain Dumas
42%
Alex Lynn
36%
Norman Nato
36%
Ferdinand Habsburg
33%
Kazuki Nakajima
33%
Matt Campbell
33%
Neel Jani
33%
Nicolas Lapierre
33%
Robert Shwartzman
33%
Allan McNish
30%
José María López
30%
Mark Webber
30%
Anthony Davidson
27%
Benoît Tréluyer
27%
Alexander Wurz
24%
André Negrão
24%
Bruno Senna
24%
Marcel Fässler
24%
Nick Tandy
24%
Will Stevens
24%
Mathias Beche
21%
Matthieu Vaxiviere
21%
Oliver Jarvis
21%
Rinaldo Capello
21%
Stéphane Sarrazin
21%
Timo Bernhard
21%
Gustavo Menezes
18%
Lucas di Grassi
18%
Marc Gené
18%
Marc Lieb
18%
Thomas Laurent
18%
Callum Ilott
15%
Aucun quiz correspondant
Distribution des résultats
% des personnes avec chaque résultat
Percentile par nombre de réponses
Votre historique - résultats
Vous n’avez pas pris ce quiz